Exodus: (Record no. 4255)

MARC details
000 -LEADER
fixed length control field 00475nam a22001697a 4500
003 - CONTROL NUMBER IDENTIFIER
control field GBCCL
005 - DATE AND TIME OF LATEST TRANSACTION
control field 20241126110514.0
008 - FIXED-LENGTH DATA ELEMENTS--GENERAL INFORMATION
fixed length control field 180117b xxu||||| |||| 00| 0 eng d
040 ## - CATALOGING SOURCE
Transcribing agency gbc
082 ## - DEWEY DECIMAL CLASSIFICATION NUMBER
Classification number 222.12007
Item number JEN
100 ## - MAIN ENTRY--PERSONAL NAME
Personal name Jensen, Irving L.
9 (RLIN) 7323
245 ## - TITLE STATEMENT
Title Exodus:
Remainder of title A Self-Study Guide /
Statement of responsibility, etc. Irving L. Jensen
260 ## - PUBLICATION, DISTRIBUTION, ETC.
Name of publisher, distributor, etc. Moody Press,
Place of publication, distribution, etc. Chicago:
Date of publication, distribution, etc. 1967
300 ## - PHYSICAL DESCRIPTION
Extent 112 p.;
Other physical details ill.,
Dimensions 22 cm.
650 ## - SUBJECT ADDED ENTRY--TOPICAL TERM
Topical term or geographic name entry element Bible- Exodus-study and teaching
9 (RLIN) 10687
942 ## - ADDED ENTRY ELEMENTS (KOHA)
Source of classification or shelving scheme Dewey Decimal Classification
Koha item type Books
Koha issues (borrowed), all copies 7
Holdings
Withdrawn status Lost status Source of classification or shelving scheme Damaged status Not for loan Home library Current Library Shelving location Date acquired Total checkouts Full call number Barcode Date last seen Date last checked out Copy number Price effective from Koha item type
    Dewey Decimal Classification     GRACE BIBLE COLLEGE GRACE BIBLE COLLEGE Biblical Studies 2018-01-17 8 222.12007 JEN 005715 2025-12-10 2025-12-04 c.1 2018-01-17 Books
© Grace Bible College Library 2025